| 000 | 00770nam a22002055i 4500 | ||
|---|---|---|---|
| 001 | 154103 | ||
| 003 | ES-MaACL | ||
| 005 | 20230906205525.0 | ||
| 008 | 990201s1767 fr |||| | fre d | ||
| 040 |
_aAN _bspa _cAN |
||
| 100 | 0 |
_aFléchier, Esprit. _951143 |
|
| 245 | 1 | 0 | _aRecueil des oraisons funebres prononcées par messire Esprit Fléchier, evêque de Nimes. |
| 250 | _aNouvelle edition, dans laquelle on à ajouté un précis de la vie de l'auteur. | ||
| 260 |
_aA Paris : _bchez Jean Desaint, libraire ..., _c1767. |
||
| 300 |
_a[2], XIV, [2], 250 p. ; _c12º. |
||
| 597 | _aSign.: [ ]2, a2, b6, A-K12, L5. | ||
| 597 | _aPort. con grab. xil. | ||
| 650 | 4 |
_aOraciones fúnebres. _9136619 |
|
| 852 |
_aES-MaACL _jR-1503 _z-- Enc. piel _x Olim: G-13525 |
||
| 999 |
_c154103 _d154103 |
||